Paparazzi - Lady Gaga (All Lyrics) - Statistics

General Stats
  • This quiz has been taken 2,451 times
    2,441 since last reset
  • The average score is 216 of 294
Answer Stats
Lyrics % Correct
I.
99%
I
99%
Papa-
98%
papa-
98%
you,
98%
you
98%
You
98%
Paparazzi.
97%
paparazzi.
97%
me.
96%
love
94%
your
94%
a
93%
until
93%
I'll
92%
be
91%
fan,
90%
fan.
90%
the
90%
c-
89%
I'm
89%
that
89%
biggest
88%
follow
88%
baby,
86%
Baby,
86%
baby
86%
is
82%
know
82%
no
79%
We
79%
we
79%
We'd
79%
mine.
77%
But
76%
but
76%
stop
76%
boy
75%
won't
75%
are
73%
there's
73%
it
72%
and
71%
superstar.
71%
of
69%
on,
69%
on
69%
so
69%
other
68%
Promise
68%
kind.
67%
'Cause
66%
don't
65%
Don't
65%
have
64%
We're
63%
you'll
63%
flash
62%
in
62%
it's
62%
my
61%
My
61%
famous.
60%
out.
60%
for
59%
picture
59%
coming
58%
magical.
58%
down
56%
fantastical.
56%
crowd.
55%
us,
55%
Got
54%
Chase
53%
this
52%
you're
52%
photo
51%
price.
51%
lights.
50%
Not
50%
what
49%
flashing
47%
jeans,
47%
glamorous.
46%
those
46%
Leather
44%
girl
43%
Ready
43%
show.
43%
means.
42%
at
41%
cigarettes.
41%
fun.
41%
true.
41%
still
40%
sure
40%
to
40%
Loving
39%
between
37%
cherry
37%
radio.
37%
Eyeliner
36%
backstage
35%
dance
35%
sets.
35%
studio.
35%
pie.
34%
plastic,
33%
anyone.
32%
garage
32%
Need
32%
good,
30%
guitars.
30%
sh*t
30%
ropes
29%
rockstar
28%
Snap,
28%
snap
28%
cry,
27%
lashes
27%
Real
26%
teardrops
26%
dry.
25%
Shadow
24%
Velvet
24%
Yellow
21%
burnt.
20%
turn.
20%
Purple
19%
No matching quizzes found
Score Distribution
Percent of People with Each Score
Percentile by Number Answered
Your Score History
You have not taken this quiz since the last reset